Scrambled Colours - Sudden Death - Statistics

General Stats
  • This quiz has been taken 88 times
  • The average score is 11 of 20
Answers on the Grid
Answers color-coded by a green-red scale on the quiz's grid according to % correct below.
NIPK
LUPPER
LOWLEY
NOBRW
REGEN
AVUME
REAGON
NETMAGA
LATE
ANCY
AMORON
TALCERS
VITELO
IDOING
IGBEE
DELRAVEN
KEYSMOCK
PLINKERWY
DUNGBURY
ARCHSLEUTH
TANNTRUM
PATTENADE
LIVERMORELL
TANGABUS
LUBE
LDOG
EVILSR
RUDLBAG
AUNDYJAE
GORCE
 
Answer Stats
Answer % Correct
NIPK
90%
LUBE
87%
LDOG
83%
NOBRW
83%
EVILSR
73%
REGEN
73%
LATE
63%
LOWLEY
63%
LUPPER
63%
NETMAGA
63%
AMORON
53%
AVUME
53%
ANCY
43%
IDOING
43%
VITELO
40%
DUNGBURY
37%
IGBEE
33%
REAGON
33%
TALCERS
27%
DELRAVEN
23%
No matching quizzes found
Score Distribution
Percent of People with Each Score
Percentile by Number Answered
Your Score History
You have not taken this quiz